|
|
|
|
| LEADER |
00000cam a2200000 a 4500 |
| 001 |
vtls008355326 |
| 003 |
SK-MaSNL |
| 005 |
20260302003912.0 |
| 008 |
190102s1968 xo f 000 0 slo |
| 015 |
|
|
|a SNBA1968/12-02404
|
| 020 |
|
|
|q (viaz.)
|
| 035 |
|
|
|a SK01SNK19680047543
|
| 035 |
|
|
|a SKM000050006
|
| 040 |
|
|
|a SNK
|b slo
|c SNK
|e AACR2
|
| 041 |
0 |
|
|a slo
|b ger
|b eng
|b rus
|
| 044 |
|
|
|a xo
|c SK
|
| 080 |
|
|
|a 616.12-008
|2 1981
|
| 100 |
1 |
|
|a Lipták, Ondrej,
|d 1919-2012
|4 aut
|9 175295
|
| 245 |
1 |
0 |
|a Koronárny syndróm
|b (ischemická choroba srdca)
|c Ondrej Lipták
|
| 250 |
|
|
|a 2. preprac. vyd.
|
| 260 |
|
|
|a Martin
|b Obzor
|c 1968
|e Martin
|f Tlačiarne SNP - Neografia
|
| 300 |
|
|
|a 254, [2] s., [1] s. fareb. obr. príl.
|c 8°
|
| 490 |
1 |
|
|a Edícia pre postgraduálne štúdium lekárov. Dérerova zbierka
|v zv. 16
|
| 504 |
|
|
|a Obsahuje bibliografiu
|
| 546 |
|
|
|a Nem. angl. a rus. resumé
|
| 650 |
0 |
7 |
|a kardiovaskulárne choroby
|2 SNKPH
|9 2500
|
| 650 |
0 |
7 |
|a ischemická choroba srdca
|2 SNKPH
|9 68002
|
| 655 |
|
7 |
|a monografie
|2 SNKPH
|9 70139
|
| 830 |
|
0 |
|a Edícia pre postgraduálne štúdium lekárov. Dérerova zbierka
|9 469172
|
| 958 |
|
|
|a TL
|
| 958 |
|
|
|a RK
|
| 958 |
|
|
|a MI
|
| 958 |
|
|
|a OND
|
| 999 |
|
|
|c 993796
|d 995726
|
| 952 |
|
|
|t P60, <04>, [BOOK], {604}
|a SNK
|b SNK
|y VYP
|7 0
|p 17A0245292
|o snkSC 24433 D1
|i snkKSP 751/69
|0 0
|1 0
|4 0
|d 2000-07-07
|l 0
|r 2005-01-02 00:00:00
|w 2026-02-24
|
| 952 |
|
|
|t P60, <03>, [BOOK], {603}
|a SNK
|b SNK
|y PREZ
|7 0
|o snkSC 24433
|0 0
|1 0
|4 0
|d 2000-07-07
|l 0
|r 2005-01-02 00:00:00
|w 2026-02-24
|
| 952 |
|
|
|a SNK
|b SNK
|y PREZ
|7 0
|p 17A0921085
|o snkSC 24433
|0 0
|1 0
|4 0
|d 2012-08-28
|l 0
|r 2026-02-24 11:57:01
|w 2026-02-24
|